Statistics for Premier League African Best Scorer by Year

Click here to take the quiz!

General Stats

  • This quiz has been taken 434 times
  • The average score is 8 of 20

Answer Stats

Scorer% Correct
Mohamed Salah
99%
Sadio Mané
98%
Pierre-Emerick Aubameyang
92%
Didier Drogba
90%
Riyad Mahrez
82%
Yaya Touré
79%
Emmanuel Adebayor
70%
Demba Ba
42%
Nwankwo Kanu
40%
Tony Yeboah
21%
Benni McCarthy
17%
Saido Berahino
17%
Peter Odemwingie
15%
Frédéric Kanouté
13%
Efan Ekoku
10%
Amr Zaki
9%
Yakubu Aiyegbeni
7%
Peter Ndlovu
6%
Mark Stein
3%
Marc-Vivien Foé
2%

Score Distribution

Percentile by Number Answered

Percent of People with Each Score

Your Score History

You have not taken this quiz